000 01249nam a22002657a 4500
001 82244
003 BD-RjUL
005 20231212102123.0
008 231102s2015 bg a|||| m||| 00| 0 eng d
035 _a(BD-RjUL)82244
040 _aBD-RjUL
_beng
_cBD-RjUL
_dBD-RjUL
041 _aeng
082 _223
_a636.39095492
_bNAE 2015
100 _aNahar, Lovely
_99910
245 1 0 _aEpidemiology of haemonchosis in goats under different management practices in Bangladesh /
_cby Lovely Nahar ;
_6Principal Supervisor : Md. Jalal Uddin Sarder, Co-Supervisor : Md. Motahar Hussain Mondal, Co-Supervisor : Md. Omar Faruque
260 _aRajshahi :
_bDepartment of Animal Husbandry and Veterinary Science Faculty of Agriculture, University of Rajshahi,
_c2015
300 _axv, 271 leaves :
_bill, ;
_c29.cm.
502 _aThesis (Ph. D.) -- Department of Animal Husbandry and Veterinary Science Faculty of Agriculture, University of Rajshahi, 2015
504 _aReferences : Leaves 208 - 264
650 _aGoats
_xAnimal husbandry
_zBangladesh
_99911
700 _aSarder, Md. Jalal Uddin, Principal Supervisor
_93093
700 _aMondal, Md. Motahar Hussain, Co-Supervisor
_99912
700 _aFaruque, Md. Omar, Co-Supervisor
_97130
942 _2ddc
_cTHE
999 _c82244
_d82244